000
00299nam a22001217a 4500
999
_c
13926
_d
13926
020
_a
9788187721628
020
_a
9788184722697
082
_a
621.815
_b
JAL/DE
100
_a
Jalaludeen, Md. S
_9
3087
245
_a
Design data handbook
260
_a
Kumbakonam
_b
Anuradha Publications
_c
2012
942
_c
BK